5HLuxD.jpg

KING HENRY VIII SENIOR AND PRIMARY SCHOOL LIBRARY OPAC

LOKI A BAD GOD'S GUIDE TO RULING THE WORLD (Record no. 6119)

000 -LEADER
fixed length control field 00748nam a22002057a 4500
005 - DATE AND TIME OF LATEST TRANSACTION
control field 20260226112319.0
008 - FIXED-LENGTH DATA ELEMENTS--GENERAL INFORMATION
fixed length control field 260226b ||||| |||| 00| 0 eng d
020 ## - INTERNATIONAL STANDARD BOOK NUMBER
International Standard Book Number 9781536239836
040 ## - CATALOGING SOURCE
Transcribing agency KH8
082 ## - DEWEY DECIMAL CLASSIFICATION NUMBER
Classification number 823.92
100 ## - MAIN ENTRY--PERSONAL NAME
Personal name STOWELL,LOUIE
Relator term AUTHOR
245 ## - TITLE STATEMENT
Title LOKI A BAD GOD'S GUIDE TO RULING THE WORLD
260 ## - PUBLICATION, DISTRIBUTION, ETC.
Place of publication, distribution, etc. 99 Dover Street Somerville,Massachussets 02144
Name of publisher, distributor, etc. Walker Books US
Date of publication, distribution, etc. 2025
300 ## - PHYSICAL DESCRIPTION
Extent 268 pages
Other physical details b illustration
Dimensions 13cm x 19cm
520 ## - SUMMARY, ETC.
Summary, etc. Thor's half brother and god of making Loki look bad - to babysit. As Baldur and Thor bond, Loki's attempts to prove he's good start getting a bit desperate. -Library Thing-
650 ## - SUBJECT ADDED ENTRY--TOPICAL TERM
Topical term or geographic name entry element Juvenile Fiction
Form subdivision Myth
655 ## - INDEX TERM--GENRE/FORM
Genre/form data or focus term Humour
655 ## - INDEX TERM--GENRE/FORM
Genre/form data or focus term Mythology
942 ## - ADDED ENTRY ELEMENTS (KOHA)
Source of classification or shelving scheme
Koha item type Books - Fiction
Holdings
Withdrawn status Lost status Source of classification or shelving scheme Damaged status Not for loan Collection code Permanent Location Current Location Shelving location Date acquired Total Checkouts Full call number Barcode Date last seen Date last checked out Price effective from Koha item type Public note
          Fiction KH8 Primary School Library KH8 Primary School Library Fiction 2026-02-26 1 823.92 STO KHPL000008340 2026-04-17 2026-04-09 2026-02-26 Books - Fiction PRIMARY LIBRARY

Powered By KH8 IT Dept